INSTITUTO NACIONAL INDIGENISTA 40 AÑOS (Registro nro. 57888)
[ vista simple ]
| 000 -LEADER | |
|---|---|
| fixed length control field | 01117nam a2200193 a 4500 |
| 001 - CONTROL NUMBER | |
| control field | 57888 |
| 005 - DATE AND TIME OF LATEST TRANSACTION | |
| control field | 20180714054251.0 |
| 008 - FIXED-LENGTH DATA ELEMENTS--GENERAL INFORMATION | |
| fixed length control field | 140415s1988 mx 000 0 spa d |
| 041 ## - LANGUAGE CODE | |
| Language code of text/sound track or separate title | spa |
| 082 ## - DEWEY DECIMAL CLASSIFICATION NUMBER | |
| Classification number | 305.8 |
| Item number | HER |
| 245 00 - TITLE STATEMENT | |
| Title | INSTITUTO NACIONAL INDIGENISTA 40 AÑOS |
| 250 ## - EDITION STATEMENT | |
| Edition statement | 1a ed. |
| 260 ## - PUBLICATION, DISTRIBUTION, ETC. | |
| Place of publication, distribution, etc. | MEXICO : |
| Name of publisher, distributor, etc. | INSTITUTO NACIONAL INDIGENISTA, |
| Date of publication, distribution, etc. | 1988 |
| 300 ## - PHYSICAL DESCRIPTION | |
| Extent | 239 |
| Dimensions | 13.3 x 3.4 x 20.9 |
| 500 ## - GENERAL NOTE | |
| General note | HERRASTI MACIA, LOURDES; ES COORDINADORA DE LA OBRA |
| 520 ## - SUMMARY, ETC. | |
| Summary, etc. | EN ESTE TRABAJO SE REUNEN EXPERIENCIAS , CONOCIMIENTOS ENFOQUES VARIADOS, QUE EN OCACIONES SE CONTRAPONEN. SE INCLUYEN BIBLIOGRAFIAS DE AQUELLOS QUE HAN COLABORADO PRA DAR DIRECCION E IMPULSO A LA TAREA INDIGENISTA; REFLEXIONES DE QUIENES HAN DIRIGIDO A LA INSTITUCION EN LOS ULTIMOS AÑOS Y NOTAS SOBRE UN INTERESANTE DEBATQ UE, REALIZADO EN EL SENO DEL INSTITUTO, PERMITIO EL EXAMEN DEL TRABAJO PRACTICO A LA LUZ DE LA REFLEXION TEORICA. ASIMISMO ESTAN PRESENTES OPINIONES DE TRABAJADORES |
| 650 14 - SUBJECT ADDED ENTRY--TOPICAL TERM | |
| Topical term or geographic name entry element | GRUPOS ETNICOS |
| General subdivision | MEXICO |
| -- | MEXICO |
| -- | HISTORIA |
| -- | SIGLO XIX |
| -- | INDIGENAS DE MEXICO |
| 700 1# - ADDED ENTRY--PERSONAL NAME | |
| Personal name | HERRASTI MACIA, LOURDES |
| Relator term | coaut. |
| Withdrawn status | Lost status | Source of classification or shelving scheme | Damaged status | Not for loan | Collection code | Home library | Current library | Shelving location | Date acquired | Source of acquisition | Inventory number | Total Checkouts | Full call number | Barcode | Date last seen | Price effective from | Koha item type |
|---|---|---|---|---|---|---|---|---|---|---|---|---|---|---|---|---|---|
| Dewey Decimal Classification | General | Biblioteca Karol Wojtyla | Biblioteca Karol Wojtyla | Sala general | 03/12/2013 | Compra | 151000000000000000053617 | 305.8 HER | 87382 | 05/01/2026 | 03/12/2013 | Libro |